000 00530nam a22001817a 4500
999 _c16748
_d16748
003 AR-CdUCM
008 190506b ||||| |||| 00| 0 spa d
040 _aMUNICIPALIDAD PROVINCIAL DEL CUSCO
_cBIBLIOTECA MUNICIPAL DEL CUSCO
082 _a463 /
_bD54
245 _aDiccionario Santillana 2 /
260 _aMadrid :
_bSantillana,
_c1975.
300 _a1075 paginas ;
_c24 cm.
505 _aContenido :Diccionario /
650 _aTexto
_9816
650 _aDiccionario
_95196
942 _2ddc
_cLIBROS
945 _arjall
_d2019-05-06